00363 a2200121 450000500170000002000220001708200150003910000170005424500510007125000120012226000460013430000610018020250619093449.0 a978-1-119-12084-1 a658.40 GRA aGRANT, M. G. aContemporary Strategy Analysis: Text and Cases a9th Ed. aWest SussexbJohn Wiley & Sons Ltd.c2010 axiv, 758p.:ill.;charts, tablesbGlossary and Indexc24cm